000 nam a22 4500
999 _c9404
_d9404
008 180517b ||||| |||| 00| 0 eng d
245 _aSeptember is peace month.
260 _aPhilippines
_bManila Bulletin
_cc2016
300 _apage 10.
650 0 _927931
_aPeace.
942 _2ddc
_cPER